Statistics for Life of Muhammad Quiz

Click here to take the quiz!

General Stats

  • This quiz has been taken 329 times
  • The average score is 11 of 20

Answer Stats

HintAnswer% Correct
City in which he was born in 570 ADMecca
98%
His cousin who had been protecting him from an early ageAli
81%
Angel that was sent by God to him in that caveGabriel
81%
Many consider the above the rightful immediate successor to Muhammad.
What branch of Islam do they create?
Shia
81%
His resting place is in the an-Nabawi Mosque of this cityMedina
75%
Name of his daughter who married to that personFatimah
71%
Father of the above who succeeded himAbu {Bakr}
64%
Title by which he is often referred to{Messenger} of God
63%
Name of his youngest wife (who was only six years old when she married him)Aisha
61%
Muslims regard this as his most important miracle (revelation); a proof of his prophethoodQuran
56%
To escape ongoing persecution, he sent some of his followers to this African nation in 615Aksum / Abyssinia
49%
French newspaper that drew cartoons of Muhammad – which sparked
unrest in the Muslim world
{Charlie} Hebdo
49%
Arabic term for a successor of MuhammadCaliph
45%
Mountain cave in which he periodically secluded himself for several nights of prayerJabal al-Nour (Hira)
38%
Italian writer that criticised Muhammad in his work "Inferno"Dante Alighieri
33%
According to Quranic inscriptions, Muhammad is believed to have ascended to heaven
through this shrine in Jerusalem
Dome of the Rock
30%
Author of "The Satanic Verses" – that was inspired in part by the life of MuhammadSalman Rushdie
30%
The "Jyllands-Posten" of this country also did the sameDenmark
27%
Mosque where he established the new direction of prayerMasjid al-{Qibla}tayn
15%
Hajj pilgrimage that Muhammad performed in the Islamic year 10 AH{Farewell} Pilgrimage
7%

Score Distribution

Percentile by Number Answered

Percent of People with Each Score

Your Score History

You have not taken this quiz